| 000 | 03900nab a22007457 4500 | ||
|---|---|---|---|
| 003 | AR-RoUNA | ||
| 022 | _a0327-9022 | ||
| 040 |
_aAR-RoUNA _bspa |
||
| 041 | _aspa | ||
| 044 | _aag | ||
| 245 |
_aSumma+ / _bBODEGAS / LABORATORIOS |
||
| 260 |
_aBuenos Aires , _c1993 |
||
| 300 |
_a128 p. : _bil. byn. _bplanos _c34 X25 cm. |
||
| 505 | 0 | _tINDICE | |
| 505 | 0 | _tCONTENTS | |
| 505 | 0 | _tBODEGAS - ARGENTINA | |
| 505 | 0 | _tMATERIAL INDUSTRIAL | |
| 505 | 0 | _aAFT Arqs.- Gastón Atelman- Martín Fourcade - Alfredo Tapia - Antonio Funes / Nueva Planta Bodega Navarro Correas - Diageo Argentina, Mendoza, 2009. p . 6 | |
| 505 | 0 | _tBODEGA - CHILE | |
| 505 | 0 | _tORIGAMI DE METAL | |
| 505 | 0 | _aTFPS (Taller FAM - PINOCHET - SUÁREZ) / Bodega y oficinas comerciales Huanacu LDTA., Santiago, 2008. p. 18 | |
| 505 | 0 | _tBARRAS VINCULADAS | |
| 505 | 0 | _aFrancisco Izquierdo Arq. / Bodega Vinos Ventolera, Valle de Leyda, 2009. p. 26 | |
| 505 | 0 | _tBODEGAS - ESPAÑA | |
| 505 | 0 | _tTOPOGRAFÍA DIRIGIDA | |
| 505 | 0 | _aKonkrit Blu arq. Sandra Hernández, Álvaro Solís / Nueva Bodega y oficinas para Bodegas y Viñedos Qumrán, Peñafiel Valladolid, 2009. p. 34 | |
| 505 | 0 | _tENSAYO - BRASILIA 50 AÑOS | |
| 505 | 0 | _aRoberto Segre y José Barki / Oscar Niemeyer y Lúcio Costa: La genealogía del Palacio del Congreso en Brasilia. p. 42 | |
| 505 | 0 | _tLABORATORIO - BUENOS AIRES | |
| 505 | 0 | _tPABELLÓN TECNOLÓGICO | |
| 505 | 0 | _aFabían de la fuente, Raúl Pieroni, Guillermo Daniel Raddvero, Marta Alejandra Oghievski / Laboratorio de Biotecnología Inta-Castellar, Provincia de Buenos Aires, 2008. p. 48 | |
| 505 | 0 | _tCAJAS SUSPENDIDAS | |
| 505 | 0 | _aAlexandre Ribeiro Gonçalves / Laboratorio de Investigación Ecológica y Educación científica de la Universidad Estadual de Goiás, Brasil. p. 2008 | |
| 505 | 0 | _tLABORATORIOS - ESPAÑA | |
| 505 | 0 | _tLA CONDICION DEL TERRITORIO | |
| 505 | 0 | _aJosé Juan Barba / Centro de interpretación de los Ríos, Esla, 2008. p. 62 | |
| 505 | 0 | _tRECICLAJES - ARGENTINA | |
| 505 | 0 | _tATRIO URBANO | |
| 505 | 0 | _tMC Cormack asociados - Sebastián Balbuena - Mike MC Cormack - Pedro Wofcy / Los Molinos Building, Ciudad autónoma de Buenos Aires, 2010. p. 68 | |
| 505 | 0 | _tRECICLAJES - ESPAÑA | |
| 505 | 0 | _tPERDURAR EN LA CIUDAD | |
| 505 | 0 | _aBaas, arqs. / Museo Can Framis en el 22@, Barcelona, 2008. p. 76 | |
| 505 | 0 | _tDOCUMENTOS - HISTORIA | |
| 505 | 0 | _tMEMORIA VIVIA DE LAS OBRAS DE SALUBRIDAD Y DE LA ARQUITECTURA PORTEÑA | |
| 505 | 0 | _tSUSTENTABILIDAD - TEORIA | |
| 505 | 0 | _aSilvia de Schiller y John Martin Evans / Desarrollo y sustentabilidad del hábitat construido. p. 96 | |
| 505 | 0 | _aSilvia de Schiller y Johns Martin Evans / Proyectos demostrativos. p. 101 | |
| 505 | 0 | _aJulián Martin Evans / Sustentabilidad en arquitectura. p. 104 | |
| 505 | 0 | _aBradley Wheeler / Prototipo Solar. p. 106 | |
| 505 | 0 | _aFacultad de arquitectura y Diseño de paisaje - Universidad de Arizona - Estuadiantes y Profesores / Vivienda experimental de Energía Solar Seed (Pod), Estados Unidos. p. 106 | |
| 505 | 0 | _tREBROTE VERDE | |
| 505 | 0 | _aRiddel Architecture / Casa Autosuficiente, Queensland, Australia, 2010. p. 112 | |
| 505 | 0 | _aIgnacio Ros de Olano / Londres en papel. p. 119 | |
| 505 | 0 | _aFernando Diez / Más que casas. p. 121 | |
| 505 | 0 | _aRoberto Fernández / Carpintería de colores. p. 122 | |
| 505 | 0 | _aCayetana Mercè / Alemanes que vuelven a Frankurt. p. 126 | |
| 505 | 0 | _aMario Sabugo / Sentado frente al mar ( Puerto Mont). p. 127 | |
| 505 | 0 | _aCarlos Gustavo Giménez / Roberto Burle Marx: El poeta de los jardines. p. 128 | |
| 650 | _aArquitectura contemporánea | ||
| 773 | 0 |
_aSumma+ _dBuenos Aires, Argentina _gNº108 (jun-2010), p. 128 _x0327-9022 |
|
| 908 | _aImp | ||
| 942 |
_2udc _cART |
||
| 945 |
_aMBP _d2022-07-08 |
||
| 980 |
_8138 _gCarolina Rainero _6138 _aCarolina Rainero |
||
| 999 |
_c12166 _d12166 |
||